01503 a2200217 45000010006000000050017000060080041000230030015000640400040000790800064001192450021001830200022002042500012002262640053002383000025002915050893003160410008012091000024012177000018012417000026012596113420260407155902.0260407a1996 arg spa dAR-UNSa-BCEJYS aAR-UNSa-BCEJYSbspacAR-UNSa-BCEJYS a658xAdministración de empresas. Organización comercial10aAdministración a978-968-880-705-7 a5a. ed. 1aMéxico :bPrentice-Hall Hispanoamericanac1996 axxiv, 770 p.c25 cm. a1. Los gerentes y la administración - 2. La evolución de la administración – 3. La cultura organizacional y el entorno: Las restricciones – 4. Administración en un entorno global – 5. Responsabilidad social y ética gerencial – 6. Toma de decisiones: La esencia de la labor del gerente – 7. Fundamentos de la planificación – 8. Administración estratégica – 9. Herramientas y técnicas de planificación – 10. Estructura y diseño de la organización – 11. Administración de recursos humanos – 12. Administración del cambio y la innovación – 13. Fundamentos del comportamiento – 14. Estudio de grupos y equipos – 15. Cómo motivar a los empleados – 16. Liderazgo – 17. Comunicación y habilidades interpersonales – 18. Fundamentos del control – 19. Administración de operaciones – 20. Herramientas y técnicas de control -  aspa1 aRobbins, Stephen P.1 aCoulter, Mary1 aOrtiz Staines, Manuel